Ekológia (Bratislava) časopis Ústavu krajinnej ekológie Slovenskej akadémie vied
Enregistré dans:
| Collectivité auteur: | |
|---|---|
| Format: | Publication en série |
| Langue: | anglais slovaque |
| Publié: |
Warsaw
Sciendo
|
| Sujets: | |
| Tags: |
Pas de tags, Soyez le premier à ajouter un tag!
|
MARC
| LEADER | 00000nas1a22000001 4500 | ||
|---|---|---|---|
| 001 | s120160 | ||
| 005 | 20250701092121.3 | ||
| 022 | |a 1335-342X | ||
| 022 | |a 1337-947X | ||
| 041 | 0 | |a eng | |
| 041 | 0 | |a slo | |
| 044 | |a SK | ||
| 245 | 1 | 0 | |a Ekológia (Bratislava) |b časopis Ústavu krajinnej ekológie Slovenskej akadémie vied |
| 264 | 1 | |a Warsaw |b Sciendo | |
| 500 | |a Časopis bol vydávaný pod názvami: 1982-1989 Ekológia (ČSSR), 1990-1992 Ekológia (ČSFR), 1993- Ekológia (Bratislava) | ||
| 610 | 2 | 0 | |a ekológia |
| 610 | 2 | 0 | |a biosféra |
| 610 | 2 | 0 | |a ochrana prostredia životného |
| 710 | 2 | |a Slovak Academic Press | |